000 00288nam a22001337a 4500
008 170306b xxu||||| |||| 00| 0 eng d
020 _a9780697387936
041 _aeng
080 _a611
100 _a6
101 _aSHM
245 _aHUMAN NATOMY ATLAS
_cCREEK.CH.H
942 _2udc
_cBK
999 _c6884
_d6884